00283nam a2200121Ia 4500008004100000041000900041082001700050100001700067245002900084260003200113300000800145650000800153230718s9999 xx 000 0 und d aEng. a954.9bAKR-T aAkram Atizaz 4aThe indus and making Pak aPakistanbJanhare Pubc2017 a413 aLaw